Irish nouns - Statistics

General Stats
  • This quiz has been taken 16 times
  • The average score is 4 of 17
Answer Stats
Hint Answer % Correct
hospital ospideál
88%
hotel óstán
75%
garage garáiste
63%
castle caisleán
50%
tower túr
50%
prison príosún
38%
lighthouse teach solais
25%
hospital otharlann
13%
shed seid
13%
streetlight solas sráide
13%
police station stáisiún póilíní
13%
lightbulb bolgán solais
0%
raindrop braon báistí
0%
signpost cuaille eolais
0%
fence fál
0%
traffic light solas tráchta
0%
courthouse teach cúirte
0%
No matching quizzes found
Score Distribution
Percent of People with Each Score
Percentile by Number Answered
Your Score History
You have not taken this quiz